CIAT v syntéze enantiomérne čistých aroylalanínov diplomová práca

Na minha lista:
Detalhes bibliográficos
Autor principal: Bilasová, Valéria
Formato: Livro
Idioma:eslovaco
Publicado em: Bratislava STU FCHPT 2018
Acesso em linha:View in OPAC
Tags: Adicionar Tag
Sem tags, seja o primeiro a adicionar uma tag!

MARC

LEADER 00000nam a2200000 a 4500
005 20260127134238.0
008 180803 2017 xo a 001 0 slo d
035 |a vtls011770364 
039 9 |a 201808101338  |b mschk03  |y 201808030850  |z mschk03 
040 |a STUSCHK1  |b slo  |c STUSCHK1  |e AACR2 
100 1 |a Bilasová, Valéria 
245 1 |a CIAT v syntéze enantiomérne čistých aroylalanínov  |b diplomová práca  |c Valéria Bilasová 
260 |a Bratislava  |b STU FCHPT  |c 2018 
300 |a 78 s.  |b il.  |c 25 cm 
500 |a Študijný program: technická chémia 
500 |a Študijný odbor: chemické technológie 
500 |a Školiace pracovisko: Oddelenie organickej chémie 
500 |a Evid. číslo: FCHPT-104542-64583 
910 |a SCHK95 
999 |c 7701  |d 7701